Atlantic 10 Conference Quiz - Statistics

General Stats
  • This quiz has been taken 86 times
  • The average score is 9 of 14
Answer Stats
Answers % Correct
Dayton
86%
St Bonaventure
76%
VCU
73%
Fordham
71%
Saint Louis
71%
Davidson
67%
George Mason
67%
George Washington
67%
Richmond
67%
Duquesne
63%
Rhode Island
57%
St Josephs
55%
La Salle
51%
UMass
47%
No matching quizzes found
Score Distribution
Percent of People with Each Score
Percentile by Number Answered
Your Score History
You have not taken this quiz